| 000 | 00504nam a2200169 a 4500 | ||
|---|---|---|---|
| 001 | 1562 | ||
| 003 | CDMR | ||
| 005 | 20131024133815.0 | ||
| 008 | 130130s1999||||||||||||||||||||||||||||d | ||
| 040 |
_aCDMR _bcat _cCDMR |
||
| 100 | 1 |
_aEspinosa i Mirabet, Sílvia _91167 |
|
| 245 | 1 | 0 |
_aHistòria sentimental de Ràdio Lleida _cSílvia Espinosa i Mirabent |
| 260 |
_aLleida _c1999 _bRàdio Lleida. Cadena SER |
||
| 300 |
_e+ 2 CD _a94 p. _bil. _c32 cm |
||
| 650 | 0 | 4 |
_93756 _aRàdio local _zCatalunya |
| 942 |
_cMON _2udc |
||
| 999 |
_c1562 _d1562 |
||